000 00245nam a2200097Ia 4500
008 240331s9999 xx 000 0 und d
082 _bABE
100 _aAbesekara,S
245 0 _aChildren of Sri Lanka The Asian Child :
_bLogos v.18 No.4
942 _cL
999 _c1527
_d1527